| 000 | 00680nam a2200229 i 4500 | ||
|---|---|---|---|
| 001 | 28361 | ||
| 003 | ES-MaACL | ||
| 005 | 20240510063032.0 | ||
| 007 | t| | ||
| 008 | 030117s1970 sp ||||1| spa d | ||
| 100 | 0 |
_aBadosa, Enrique, _d1927-2021 _924566 |
|
| 245 | 1 | 0 |
_aEn román paladino / _cEnrique Badosa. |
| 250 | _a[1ª ed.]. | ||
| 260 |
_aSantander : _bLa Isla de los Ratones, _c1970. |
||
| 300 |
_a47 p. ; _c17 cm. |
||
| 490 | 1 |
_aColección "Poetas de Hoy" ; _v59 |
|
| 830 |
_aColección "Poetas de Hoy" ; _v59 _9189058 |
||
| 852 |
_aES-MaACL _j2073-F-19 _bR.76181 |
||
| 852 |
_aES-MaACL _jC-43252 _bR.78832 |
||
| 942 | _2udc | ||
| 999 |
_c28361 _d28361 |
||